【サドンデス】NHK朝の連続テレビ小説の主題歌を担当したミュージシャン - Statistics

General Stats
  • This quiz has been taken 163 times
    162 since last reset
  • The average score is 10 of 29
Answers on the Grid
Answers color-coded by a green-red scale on the quiz's grid according to % correct below.
椎名林檎
エレファントカシマシ
山下達郎
ウルフルズ
福山雅治
MISIA
スキマスイッチ
秦基博
アンジェラ・アキ
玉置浩二
中島みゆき
ZARD
井上陽水
AKB48
あいみょん
サカナクション
Mr.Children
森山直太朗
aiko
松任谷由実
菅田将暉
GReeeeN
宇多田ヒカル
小田和正
松たか子
B'z
つじあやの
サンボマスター
松山千春
星野源
BUMP OF CHICKEN
PUFFY
平井堅
米津玄師
長渕剛
KANA-BOON
sumika
RADWIMPS
桑田佳祐
AI
Superfly
岡村靖幸
ポルノグラフィティ
いきものがかり
たま
スピッツ
UNISON SQUARE GARDEN
 
Answer Stats
Answer % Correct
米津玄師
67%
いきものがかり
65%
星野源
63%
AKB48
57%
あいみょん
56%
GReeeeN
49%
スピッツ
46%
RADWIMPS
42%
Mr.Children
41%
福山雅治
39%
宇多田ヒカル
39%
桑田佳祐
39%
中島みゆき
37%
BUMP OF CHICKEN
37%
AI
34%
B'z
34%
Superfly
33%
椎名林檎
30%
秦基博
30%
MISIA
28%
松任谷由実
25%
アンジェラ・アキ
19%
松たか子
19%
aiko
18%
森山直太朗
16%
山下達郎
13%
小田和正
13%
井上陽水
9%
ウルフルズ
7%
No matching quizzes found
Score Distribution
Percent of People with Each Score
Percentile by Number Answered
Your Score History
You have not taken this quiz since the last reset